|
|
|
|
| LEADER |
01210nam a2200301 a 4500 |
| 001 |
29390 |
| 003 |
BD-DhAAL |
| 005 |
20230525134828.0 |
| 008 |
150620s1999 maua b 001 0 eng |
| 010 |
|
|
|a 99027615
|
| 020 |
|
|
|a 067404326X (alk. paper)
|
| 020 |
|
|
|a 0674008022
|
| 040 |
|
|
|a DLC
|c DLC
|d BD-DhAAL
|
| 041 |
1 |
|
|a eng
|
| 050 |
0 |
0 |
|a PT2603.E455
|b P33513 1999
|
| 082 |
0 |
0 |
|a 944/.361081
|2 21
|
| 100 |
1 |
|
|a Benjamin, Walter,
|d 1892-1940.
|9 12294
|
| 240 |
1 |
0 |
|a Passagen-Werk.
|l English
|
| 245 |
1 |
4 |
|a The arcades project /
|c Walter Benjamin ; translated by Howard Eiland and Kevin McLaughlin ; prepared on the basis of the German volume edited by Rolf Tiedemann.
|
| 260 |
|
|
|a Cambridge, Mass. :
|b Belknap Press,
|c 2002.
|
| 300 |
|
|
|a xiv, 1073 pages :
|b ill. ;
|c 27 cm.
|
| 504 |
|
|
|a Includes bibliographical references (p. [955]-1015) and index.
|
| 541 |
|
|
|e 29390
|
| 600 |
|
|
|a Arcades
|y 19th century.
|z France
|z Paris
|9 12295
|
| 700 |
1 |
|
|a Tiedemann, Rolf.
|9 12296
|
| 942 |
|
|
|2 ddc
|c BK
|
| 999 |
|
|
|c 34785
|d 34785
|
| 952 |
|
|
|0 0
|1 0
|2 ddc
|4 0
|6 944_361081000000000_BEN
|7 0
|9 54415
|a BRACUL
|b BRACUL
|c GEN
|d 2015-06-20
|e Karim International
|g 2620.00
|l 2
|m 25
|o 944.361081 BEN
|p 3010029390
|r 2025-07-07
|s 2024-12-02
|t 1
|w 2015-06-20
|y BK
|